Lieux au nom très long - Carte Quiz - Statistiques

Statistiques générales
  • Ce quiz a été pris 91 fois
  • Le résultat moyen est 8 sur 15
Réponses sur la Carte
Les réponses sont colorées sur une échelle allant du rouge au vert en fonction du pourcentage des utilisateurs qui les ont devinées à leur premier essai. Vous pouvez retrouver ces pourcentages ci-dessous.
 
Statistiques - réponses
Réponse % Correct
Saint-Remy-en-Bouzemont-Saint-Genest-et-Isson
91%
San Fernando del Valle de Catamarca
82%
Sainte-Madeleine-de-la-Rivière-Madeleine
75%
Sri Jayawardenepura Kotte
73%
Krungthep mahanakhon amon rattanakosin mahintara ayuthaya mahadilok phop noppharat ratchathani burirom udomratchaniwet mahasathan amon piman awatan sathit sakkathattiya witsanukam prasit
69%
Llanfair­pwll­gwyn­gyll­go­gery­chwyrn­drobwll­llan­tysilio­gogo­goch
57%
Jászfelsőszentgyörgy
53%
Äteritsiputeritsipuolilautatsijänkä
51%
Pekwachnamaykoskwaskwaypinwanik Lake
49%
Twee­buffels­met­een­skoot­morsdood­geskiet­fontein
47%
Svalbarðsstrandarhreppur
45%
Taumatawhakatangihangakoauauota
mateapokaiwhenuakitanatahu
44%
Verkhnenovokutlumbetyevo
36%
Chargoggagogg­manchauggagogg­chaubunagungamaugg Lake
31%
Venkatanarasimharajuvaripeta
29%
Aucun quiz correspondant
Distribution des résultats
% des personnes avec chaque résultat
Percentile par nombre de réponses
Votre historique - résultats
Vous n’avez pas pris ce quiz